000 00414nam a2200157Ia 4500
008 210210b1978 xxu||||| |||| 00| 0 eng d
020 _a0 86311 228 5
082 _a305.4 MUKH
100 _aMUKHERJEE (Prabhati).
245 _aHindu women; normative models.
260 _aHyderabad
_bOrient Longman
_c1978
300 _a156
650 _aHindu women woman
690 _aSocial Stratification
906 _a058892
999 _c106109
_d106109